书目信息 |
| 题名: |
隐权力
|
|
| 作者: | 吴钩 著 | |
| 分册: | ||
| 出版信息: | 昆明 云南人民出版社 2010.02 |
|
| 页数: | 227页 | |
| 开本: | 24cm | |
| 丛书名: | ||
| 单 册: | ||
| 中图分类: | K207 | |
| 科图分类: | ||
| 主题词: | 历史--中国--研究 | |
| 电子资源: | ||
| ISBN: | 978-7-222-06315-0 | |
| 000 | 00800nam0 2200241 450 | |
| 001 | 012010602647 | |
| 005 | 20100620085256.07 | |
| 009 | 012004426784 | |
| 010 | @a978-7-222-06315-0@dCNY28.00 | |
| 100 | @a20100515d2010 em y0chiy0110 ea | |
| 101 | 0 | @achi |
| 102 | @aCN@b530000 | |
| 105 | @ay z 000yy | |
| 200 | 1 | @a隐权力@Ayin quan li@e中国历史弈局的幕后推力@f吴钩著 |
| 210 | @a昆明@c云南人民出版社@d2010.02 | |
| 215 | @a227页@d24cm | |
| 330 | @a本书讨论一种隐藏在历史灰暗处却又非常强大的博弈力量,文章多取材于明清历史,作者希望“隐权力”是一把钥匙,能够打开一些隐蔽的历史窗户。 | |
| 517 | 1 | @a中国历史弈局的幕后推力@Azhong guo li shi yi ju de mu hou tui li |
| 606 | 0 | @a历史@y中国@x研究 |
| 690 | @aK207@v4 | |
| 701 | 0 | @a吴钩@Awu gou@4著 |
| 801 | 0 | @aCN@c20100515 |
| 905 | @dK207@eW788@f3 | |
| 隐权力:中国历史弈局的幕后推力/吴钩著.-昆明:云南人民出版社,2010.02 |
| 227页;24cm |
| ISBN 978-7-222-06315-0:CNY28.00 |
| 本书讨论一种隐藏在历史灰暗处却又非常强大的博弈力量,文章多取材于明清历史,作者希望“隐权力”是一把钥匙,能够打开一些隐蔽的历史窗户。 |
| ● |
| 相关链接 |
|
|
|
正题名:隐权力
索取号:K207/W788
 
预约/预借
| 序号 | 登录号 | 条形码 | 馆藏地/架位号 | 状态 | 备注 |